Indigenous Poetics in Canada /

Bibliographic Details
Other Authors: McLeod, Neal (Editor)
Format: Book
Language:English
Published: Waterloo, Ontario : Wilfrid Laurier University Press, [2014]
Series:Indigenous studies series.
Subjects:

MARC

Tag First Indicator Second Indicator Subfields
LEADER 00000cam a2200000 i 4500
001 in00003465331
005 20151206101956.0
008 140318t20142014onc b 001 0 eng
020 |a 9781554589821 (pbk.) 
020 |a 1554589827 (pbk.) 
035 |a (OCoLC)ocn852220725 
040 |a NLC  |b eng  |e rda  |c NLC  |d CDX  |d C#P  |d UtOrBLW 
043 |a n-cn--- 
049 |a TXAM 
050 4 |a PR9188.2.I54  |b I53 2014 
055 0 |a PS8147 I6  |b I53 2014 
082 0 |a C811.009/897  |2 23 
245 0 0 |a Indigenous Poetics in Canada /  |c Neal McLeod, editor. 
264 1 |a Waterloo, Ontario :  |b Wilfrid Laurier University Press,  |c [2014] 
264 4 |c ©2014 
300 |a xii, 402 pages :  |b illustrations ;  |c 23 cm. 
336 |a text  |b txt  |2 rdacontent 
337 |a unmediated  |b n  |2 rdamedia 
338 |a volume  |b nc  |2 rdacarrier 
490 1 |a Indigenous studies 
504 |a Includes bibliographical references and index. 
650 0 |a Indian poetry  |z Canada  |x History and criticism. 
650 0 |a Canadian poetry  |x Indian authors  |x History and criticism. 
700 1 |a McLeod, Neal,  |e editor. 
830 0 |a Indigenous studies series. 
945 |a PromptCat  |b 819866 
946 |a stk 
947 |a A14840389352 
948 |a cataloged  |b h  |c 2014/7/14  |d c  |e dmitchel  |f 9:10:20 am 
994 |a 92  |b TXA 
999 |a MARS 
999 f f |s c210869d-2513-3b27-9b78-543af9a85e86  |i 9a0f9b69-523a-396c-b9a7-a72f925dfb50  |t 0 
952 f f |p normal  |a Texas A&M University  |b College Station  |c Sterling C. Evans Library  |d Evans: Library Stacks  |t 0  |e PR9188.2.I54 I53 2014  |h Library of Congress classification  |i unmediated -- volume  |m A14840389352 
998 f f |a PR9188.2.I54 I53 2014  |t 0  |l Evans: Library Stacks